Tottenham Hotspur Current Squad (24/25) - Statistics

General Stats
  • This quiz has been taken 29 times
    15 since last reset
  • The average score is 28 of 31
Answer Stats
Answer % Correct
Alfie Whiteman
100%
Antonín Kinský
100%
Cristian Romero
100%
Dejan Kulusevski
100%
Destiny Udogie
100%
Guglielmo Vicario
100%
Heung-min Son
100%
James Maddison
100%
Kevin Danso
100%
Micky van de Ven
100%
Pape Matar Sarr
100%
Pedro Porro
100%
Ben Davies
93%
Brandon Austin
93%
Fraser Forster
93%
Lucas Bergvall
93%
Rodrigo Bentancur
93%
Timo Werner
93%
Wilson Odobert
93%
Yves Bissouma
93%
Brennan Johnson
86%
Djed Spence
86%
Radu Drăgușin
86%
Richarlison
86%
Sergio Reguilón
86%
Dominic Solanke
79%
Mikey Moore
79%
Ange Postecoglou
71%
Archie Gray
71%
Mathys Tel
64%
Dane Scarlett
57%
No matching quizzes found
Score Distribution
Percent of People with Each Score
Percentile by Number Answered
Your Score History
You have not taken this quiz since the last reset